000 00581nam a2200229Ia 4500
003 OSt
005 20220924133922.0
006 a|||||r|||| 00| 0
007 ta
008 220923b |||||||| |||| 00| 0 mal d
024 _a271093
037 _cTextual
040 _aARTS
_cARTS
_bmal
041 _2mal
_amal
082 _aO32,3N06x, K5.2
100 _aKovoor
_9207680
245 0 _aTheranhedutha kathakal
260 _c1965
650 _aMALAYALAM LITERATURE
_938866
942 _hO32,3N06x, K5.2
_cTEXL
_2CC
999 _c435745
_d435745